Umelá inteligencia vo vzdelávaní detí v predškolskom veku
Salvato in:
| Autore principale: | |
|---|---|
| Altri autori: | |
| Natura: | Manoscritto Libro |
| Lingua: | slovacco |
| Pubblicazione: |
2025
|
| Soggetti: | |
| Accesso online: | http://is.stuba.sk/zp/portal_zp.pl?podrobnosti=183594 |
| Tags: |
Nessun Tag, puoi essere il primo ad aggiungerne!!
|
MARC
| LEADER | 00000ntm a22000003a 4500 | ||
|---|---|---|---|
| 001 | stuzp105780 | ||
| 003 | SK-STU | ||
| 005 | 20250607211555.9 | ||
| 007 | ta | ||
| 008 | 150427s2015----xo-----f-mn---000-0-slo-d | ||
| 040 | |a STU |b slo | ||
| 041 | 0 | |a slo | |
| 100 | 1 | |a Kromka, Dávid |u 070200 |4 aut |U FIIT Fakulta informatiky a informačných technológií |T FIIT Ústav informatiky, informačných systémov a softvérového inžinierstva |X 110834 |U I200 |Y 179 |7 110834 | |
| 242 | 0 | 1 | |a Artificial intelligence in the education of preschool children |y eng |
| 245 | 1 | 0 | |a Umelá inteligencia vo vzdelávaní detí v predškolskom veku |
| 260 | |c 2025 | ||
| 650 | 4 | |a child development |2 eng | |
| 650 | 4 | |a educational application |2 eng | |
| 650 | 4 | |a pre-primary education |2 eng | |
| 650 | 4 | |a artificial intelligence |2 eng | |
| 650 | 4 | |a rozvoj dieťaťa |2 slo | |
| 650 | 4 | |a vzdelávacia aplikácia |2 slo | |
| 650 | 4 | |a predprimárne vzdelávanie |2 slo | |
| 650 | 4 | |a umelá inteligencia |2 slo | |
| 700 | 1 | |a Bahleda, Miroslav |4 ths |X 109477 |7 109477 | |
| 856 | 4 | |u http://is.stuba.sk/zp/portal_zp.pl?podrobnosti=183594 | |